00444 2200169 4500001002100000005001700021006001900038008004100057020002200098035002500120090001400145100001700159245002600176260003800202700001700240990001700257INLIS00000000000844520140307164855.0a ||| | 180719| ||| |  a978-979-29-1297-5 a0010-081300000000082 a158 SAN f0 aNikodemus WK00aFinding your Soulmate aYogyakartabC.V ANDI OFFSETc20100 aYudi Santoso a8611/PN/2013